zpět

Detail výsledku týmu

Klub Tyjátr, Svitavy

Datum a čas kvízu

32 Celkem bodů Celkový počet nahraných bodů na tomto kvízu bez doplňovacích otázek.
2. Pořadí na kvízu Konečné umístění týmu na tomto kvízu.

Zaznamenané odpovědi

# Otázka Odpověď Body Výsledky
1. Ministerstvo dopravy od března... 200 Kč 1
2. Jeden z vystupujících v opeře... spadly mu kalhoty 1
3. Známý americký herec, držitel... Robert de Niro 1
4. Poslední dny se diskutuje o ch... CBD 1
5. Český hráč Jakub Klajmon slaví... volejbal 1
6. V tomto tématu jsme se probral... bod: D – v hospodě, půlbod: B – na stadionu 1
7. Podle čeho poznáte, že jste po... bod: C – oděv, půlbod: B – líčení 0
8. Co udělá vášnivý kuřák, když m... bod: C – koupí si jiné, půlbod: A – hledá nedopalky 0
9. Doplňte větu: Muži jsou občas... bod: A – láska, půlbod: D – sex 0
10. Z jakého důvodu sáhnete po alk... bod: C – oslava, půlbod: B – stres 1